Jose Mourinho's Chelsea - Statistics

General Stats
  • This quiz has been taken 36 times
  • The average score is 54 of 98
Answer Stats
Rank Player Position Nationality Matches Goals Assists % Correct
4 Didier Drogba Centre-Forward 187 73 39
100%
2 Frank Lampard Central Midfield 215 71 61
100%
1 John Terry Centre-Back 267 26 11
100%
3 Petr Cech Goalkeeper 196 0 0
100%
7 Eden Hazard Left Winger 125 36 26
97%
5 Claude Makélélé Defensive Midfield 139 2 5
94%
10 Branislav Ivanovic Right-Back 115 9 9
91%
47 Demba Ba Centre-Forward 29 7 1
91%
6 Ricardo Carvalho Centre-Back 128 8 3
91%
31 Andriy Shevchenko Centre-Forward 53 15 12
88%
16 Arjen Robben Right Winger 106 19 23
88%
24 Ashley Cole Left-Back 73 0 7
88%
11 Gary Cahill Centre-Back 114 7 3
88%
8 Joe Cole Attacking Midfield 124 21 15
88%
9 John Obi Mikel Defensive Midfield 120 5 7
88%
13 Michael Essien Defensive Midfield 113 9 6
88%
53 Mohamed Salah Right Winger 19 2 3
88%
28 Salomon Kalou Left Winger 65 9 9
88%
58 Carlton Cole Centre-Forward 13 1 0
84%
22 Nemanja Matic Defensive Midfield 90 4 8
84%
17 Oscar Attacking Midfield 105 21 17
84%
18 Ramires Central Midfield 98 11 9
84%
34 Thibaut Courtois Goalkeeper 46 0 0
84%
15 César Azpilicueta Centre-Back 106 2 9
81%
26 Cesc Fàbregas Central Midfield 69 6 27
81%
30 Diego Costa Centre-Forward 57 25 7
81%
35 Michael Ballack Central Midfield 46 8 7
81%
19 Eidur Gudjohnsen Centre-Forward 95 19 16
78%
37 Fernando Torres Centre-Forward 41 11 6
78%
36 Hernán Crespo Centre-Forward 42 13 4
78%
64 Kevin De Bruyne Attacking Midfield 9 0 1
78%
12 Willian Left Winger 114 15 12
78%
52 Asmir Begovic Goalkeeper 19 0 0
72%
42 Samuel Eto'o Centre-Forward 35 12 4
72%
27 André Schürrle Left Winger 65 14 3
69%
45 David Luiz Centre-Back 34 0 3
69%
57 Juan Cuadrado Right Midfield 15 0 0
69%
55 Juan Mata Attacking Midfield 17 1 3
69%
14 Paulo Ferreira Right-Back 113 1 2
69%
62 Radamel Falcao Centre-Forward 11 1 0
69%
70 Claudio Pizarro Centre-Forward 6 1 0
66%
23 Damien Duff Right Midfield 88 13 17
66%
83 Bertrand Traoré Right Winger 3 0 0
63%
43 Carlo Cudicini Goalkeeper 34 0 0
59%
67 Florent Malouda Left Winger 8 2 1
59%
33 Kurt Zouma Centre-Back 49 4 2
59%
56 Pedro Right Winger 17 2 2
59%
41 Robert Huth Centre-Back 36 1 1
59%
82 Romelu Lukaku Centre-Forward 3 0 0
59%
93 Victor Moses Right Winger 1 0 0
59%
63 Abdul Rahman Baba Left-Back 9 0 1
56%
87 Adrian Mutu Left Winger 2 0 1
56%
59 Mark Schwarzer Goalkeeper 12 0 0
56%
20 William Gallas Centre-Back 91 7 5
56%
75 Alex Centre-Back 4 0 0
53%
71 Nathan Aké Centre-Back 6 0 1
50%
29 Wayne Bridge Left-Back 60 1 7
50%
48 Filipe Luís Left-Back 26 1 1
47%
81 Andreas Christensen Centre-Back 3 0 0
44%
54 Hilário Goalkeeper 18 0 0
44%
39 Loïc Rémy Centre-Forward 40 12 3
44%
38 Mateja Kežman Centre-Forward 41 7 2
41%
32 Tiago Mendes Central Midfield 52 4 3
41%
78 Tomas Kalas Centre-Back 4 0 0
41%
44 Asier del Horno Left-Back 34 1 5
38%
72 Celestine Babayaro Left-Back 5 0 1
38%
40 Glen Johnson Right-Back 39 0 3
38%
74 Juliano Belletti Right-Back 4 0 0
38%
65 Ruben Loftus-Cheek Central Midfield 9 0 1
38%
80 Ryan Bertrand Left-Back 3 0 0
38%
69 Tal Ben Haim Centre-Back 7 0 0
38%
61 Maniche Central Midfield 11 0 0
34%
25 Njitap Geremi Right Midfield 70 3 3
34%
21 Shaun Wright-Phillips Right Winger 91 6 12
34%
68 Kenedy Left Winger 8 1 1
31%
77 Marco van Ginkel Central Midfield 4 0 0
28%
94 Papy Djilobodji Centre-Back 1 0 0
28%
49 Aleksey Smertin Defensive Midfield 25 1 2
25%
98 Dominic Solanke Centre-Forward 1 0 0
25%
50 Khalid Boulahrouz Centre-Back 23 0 0
25%
46 Lassana Diarra Defensive Midfield 31 0 1
25%
60 Scott Parker Central Midfield 11 0 1
25%
91 Jimmy Smith Central Midfield 1 0 0
22%
97 Izzy Brown Left Winger 1 0 0
19%
51 Jiri Jarosik Centre-Back 20 0 0
19%
79 Scott Sinclair Left Winger 4 0 0
19%
73 Ben Sahar Centre-Forward 5 0 0
16%
96 Lewis Baker Central Midfield 1 0 0
16%
86 Mikael Forssell Centre-Forward 2 0 0
16%
95 John Swift Attacking Midfield 1 0 0
13%
76 Steve Sidwell Central Midfield 4 0 0
13%
90 Anthony Grant Central Midfield 1 0 0
9%
89 Filipe Oliveira Right Winger 1 0 0
9%
84 Lenny Pidgeley Goalkeeper 2 0 0
9%
66 Nuno Morais Defensive Midfield 9 0 0
9%
85 Steven Watt Centre-Back 2 0 0
9%
88 Michael Woods Central Midfield 2 0 0
6%
92 Sam Hutchinson Defensive Midfield 1 0 0
6%
No matching quizzes found
Score Distribution
Percent of People with Each Score
Percentile by Number Answered
Your Score History
You have not taken this quiz